Analytická geometrie kuželoseček

Bibliographic Details
Main Author: Boček, Leo (Author)
Format: Book
Language:Undetermined
Published: Praha Slovenské pedagogické nakladateľstvo 1977

MARC

LEADER 00000nam a2200000 a 4500
001 vtls001432882
003 SK-MaSNL
005 20260302035558.0
008 240313s1977 xx 0 und
035 |a SNK000387946 
040 |a SNK  |b slo  |c SNK  |e AACR2 
100 1 |a Boček, Leo  |4 aut  |9 277228 
245 1 |a Analytická geometrie kuželoseček 
260 |a Praha  |b Slovenské pedagogické nakladateľstvo  |c 1977 
300 |a 115 s. 
958 |a OND 
999 |c 1071237  |d 1073167 
952 |t P60, <04>, [BOOK], {604}  |a SNK  |b SNK  |y VYP  |7 0  |p 17A0339377  |o snkIB 49675  |0 0  |1 0  |4 0  |d 2002-04-23  |l 0  |r 2005-01-02 00:00:00  |w 2026-02-24